Online
Catalog

Literatura y Pensamiento en América Latina / (Record no. 41071)

MARC details
000 -CABECERA
campo de control de longitud fija 00913nam a2200181 a 4500
001 - NÚMERO DE CONTROL
campo de control 000041581
005 - FECHA Y HORA DE LA ÚLTIMA TRANSACCIÓN
campo de control 20201002035641.0
008 - DATOS DE LONGITUD FIJA--INFORMACIÓN GENERAL
campo de control de longitud fija 131011s1999 sp 000 0 spa d
020 ## - NÚMERO INTERNACIONAL ESTÁNDAR DEL LIBRO
Número Internacional Estándar del Libro 8400078586
040 ## - FUENTE DE LA CATALOGACIÓN
Centro catalogador/agencia de origen DO-SdBNP
Lengua de catalogación spa
Centro/agencia transcriptor BNPHU
082 ## - NÚMERO DE LA CLASIFICACIÓN DECIMAL DEWEY
Número de clasificación xxx
Número de documento/Ítem L776p
245 00 - MENCIÓN DE TÍTULO
Título Literatura y Pensamiento en América Latina /
Mención de responsabilidad, etc. J. Raúl Navarro García, coord.
260 ## - PUBLICACIÓN, DISTRIBUCIÓN, ETC.
Lugar de publicación, distribución, etc. Sevilla :
Nombre del editor, distribuidor, etc. Escuela de Estudios Hispano-Americanos, Consejo Superior de Investigaciones Científicas,
Fecha de publicación, distribución, etc. 1999.
300 ## - DESCRIPCIÓN FÍSICA
Extensión 204 p. ;
Dimensiones 24 cm.
500 ## - NOTA GENERAL
Nota general La Escuela de Estudios Hispanoamericanos (CSIC) consciente de esta realidad, se comprometió a organizar el V Encuentro de Latinoamericanistas Españoles, que se celebró en su sede sevillana de la calle Alfonso XII hace ya cuatro años"--P. [11].
500 ## - NOTA GENERAL
Nota general Incluye referencias bibliográficas y notas al pie de las páginas.
700 1# - PUNTO DE ACCESO ADICIONAL--NOMBRE DE PERSONA
Nombre de persona Navarro García, Jesús Raúl.
Término indicativo de función/relación pról.
9 (RLIN) 17794
Holdings
Estado de retiro Estado de pérdida Restricciones de uso No para préstamo Código de colección Localización permanente Ubicación/localización actual Ubicación en estantería Fecha de adquisición Número de inventario Total de préstamos Signatura topográfica completa Código de barras Fecha visto por última vez Precio válido a partir de Tipo de ítem Koha
      Excluido de préstamo Monografías: Libros y Folletos General General En catalogación 11.10.2013 LF1   xxx L776p 41581-10 25.06.2020 25.06.2020 No se presta

Powered by Koha